000 00560nam a22001817a 4500
003 UA-OsUOA
001 12671
007 ta
008 20050524b un ||||| |||| 00| 0 ukr d
100 _aМикитюк М.
942 _cSA
040 _aUA-OsUOA
_cUA-OsUOA
_dUA-OsUOA
245 _aПравові основи управління профілактикою безпеки дорожнього руху
300 _aС.81-85
955 _a0
773 0 _w0
_tПраво України
_dКиїв
_d2005
_gN5
650 7 _aТранспортне право
_2UDC
999 _c298832
_d298832